000 00674cam a2200241 4500500
005 20260405003315.0
041 _afre
042 _adc
100 1 0 _aPortevin, Catherine
_eauthor
245 0 0 _aMondes d’ailleurs
260 _c2021.
500 _a47
690 _aAstrophysique
690 _aCosmos
690 _aEspace
690 _aExoplanètes
690 _aExtraterrestres
690 _aPlanète
690 _aPluralité
690 _aTrinh Xuan Thuan
786 0 _nPhilosophie magazine | 150 | 6 | 2021-06-01 | p. 80-80 | 1951-1787
856 4 1 _uhttps://shs.cairn.info/magazine-philosophie-magazine-2021-6-page-80?lang=fr&redirect-ssocas=7080
999 _c2066323
_d2066323